Epoka kamienia - Statystyki

Ogólne statystyki
  • Ten quiz został rozwiązany 569 razy
  • Średni wynik to 8 z 17
Statystyki odpowiedzi
Rok Wskazówka Odpowiedź % Poprawnych
ok. 3300 p. n. e. Epoka kamienia łupanego kończy się wraz z początkiem epoki metalicznej na Bliskim Wschodzie Epoka {brązu}
86%
ok. 3400 p. n. e. Najwcześniejsze dowody tej egipskiej praktyki pochówku Mumifikacja
72%
ok. 5000 p. n. e. Kultura Vinča, w dzisiejszej Serbii, jest pierwszą kulturą, która przerobiła rudę w metal. Metal, który rafinują, to ... Miedź
64%
ok. 2 mln p. n. e. Ten gatunek „człowieka wyprostowanego” ewoluuje w Afryce, a później rozprzestrzenia się w całej Azji i Europie Homo {erectus}
62%
ok. 8000 p. n. e. Ta uprawa, przypominająca wówczas wysoką trawę, została po raz pierwszy udomowiona na terenie współczesnego Meksyku Kukurydza
60%
ok. 12 500 p. n. e. Ta pustynia doświadcza okresu deszczowego, który trwałby 8000 lat. Jezioro Megaczad osiąga niemal wielkość Morza Kaspijskiego. Sahara
59%
ok. 9700 p. n. e. Ta „epoka” zakończyła się, gdy globalne temperatury wzrosną o 10° Celsjusza od poziomu, jaki osiągnęły w 20 000 r. p.n.e. Epoka {lodowa}
55%
ok. 10 000 p. n. e. Ta część świata jest pierwszą, w której znajdują się stałe miasta i rolnictwo {Żyzny} Półksiężyc
55%
ok. 10 000 p. n. e. Późniejsza część epoki kamiennej zaczyna się od wynalazków opisanych powyżej {Neo}lit
54%
ok. 3,3 mln p. n. e. Najwcześniejsza część epoki kamiennej zaczyna się od pierwszego użycia narzędzi kamiennych przez hominidy {Paleo}lit
50%
ok. 9500 p. n. e. Göbekli Tepe, w tym współczesnym kraju, jest miejscem najwcześniejszych znanych na świecie monumentalnych budowli Turcja
50%
ok. 50 000 p. n. e. Ludzie jako pierwsi przybyli na tę masę lądową, co prawdopodobnie spowodowało wyginięcie lwa workowatego i wielu innych gatunków megafauny Australia
45%
ok. 3300 p. n. e. Prehistoria kończy się, a historia zaczyna się wraz z wynalezieniem... Język pisany
39%
ok. 33 000 p. n. e. Ci bliscy krewni człowieka wyginęli, a ostatnie osobniki żyją na terenie współczesnej Hiszpanii Neandertalczycy
38%
ok. 153 000 p. n. e. Urodziła się ta kobieta, najnowsza wspólna przodkini wszystkich żyjących dziś ludzi Mitochondrialna {Ewa}
35%
ok. 9000 p. n. e. Rosnący poziom mórz spowodował zanik tego mostu lądowego między Azją a Ameryką Północną Beringia
12%
ok. 10 000 p. n. e. To 6-metrowe zwierzę z Ameryki Południowej wyginęło, a dowody wskazują na to, że ludzie je polują Megaterium
12%
Nie znaleziono quizów pasujących do podanych kryteriów
Rozkład punktacji
Procent ludzi z każdym wynikiem
Percentyl według liczby udzielonych odpowiedzi
Twoja historia wyników
Nie rozwiązałeś tego quizu